News agencies in the turbulent era of the internet
Guardat en:
| Autor principal: | |
|---|---|
| Format: | Llibre |
| Idioma: | anglès |
| Publicat: |
Barcelona
Government of Catalonia
2010
Barcelona Agència Catalana de Noticies 2010 |
| Col·lecció: | Co-lecció Lexikon, 5
|
| Matèries: | |
| Etiquetes: |
Afegir etiqueta
Sense etiquetes, Sigues el primer a etiquetar aquest registre!
|
MARC
| LEADER | 00000nam a2200000 a 4500 | ||
|---|---|---|---|
| 001 | UCG3505 | ||
| 003 | CL-VaPUC | ||
| 008 | 100902e20100000sp |||||||||||||||||eng|d | ||
| 020 | |a 9788439383031 | ||
| 082 | 0 | 4 | |a 070.4 |b BOY |2 21 |
| 100 | 0 | |a Boyd-Barrett, Oliver |e author |9 552711 | |
| 245 | 1 | 0 | |a News agencies in the turbulent era of the internet |
| 300 | |a 313 p | ||
| 942 | |c BK | ||
| 945 | |d 20100902 00:00:00 |a mfarfan | ||
| 260 | |a Barcelona |b Government of Catalonia |c 2010 | ||
| 260 | |a Barcelona |b Agència Catalana de Noticies |c 2010 | ||
| 650 | 0 | |a Periodismo |9 310113 | |
| 650 | 0 | |a Agencia de noticias |9 333349 | |
| 650 | 0 | |a Internet |9 254823 | |
| 650 | 0 | |a Tecnología |9 256742 | |
| 583 | |a last modification |c 20171017 11:21:39 |k Rodrigo Vera | ||
| 490 | 0 | |a Co-lecció Lexikon, 5 | |
| 999 | |c 342573 |d 342571 | ||
| 952 | |0 0 |1 0 |2 ddc |4 0 |6 070_400000000000000_BOY_2010_2010 |7 0 |8 A |9 438836 |a BIBCUR |b BIBCUR |d 2019-11-22 |i 4711599 |o 070.4 BOY 2010 2010 |p 4711599 |r 2025-04-22 |w 2019-11-22 |y BK |k PER | ||